000 02331nam a22002297a 4500
001 6625
003 FISKH
005 20250519100447.0
008 250516b cb ||||| |||| 00| 0 eng d
040 _aFISKH
_bkhr
_cFISKH
_dFISKH
082 _a895.932202
100 _aUk
245 _aមរណមាតា​ :
_bអត្ថបទរឿងអមដោយរូបភាព /
_cនិពន្ធដោយភិក្ខុ អ៊ុក
260 _aភ្នំពេញ :
_bលាងគីំម​ ,
_c២០១៥.
300 _a59 pages :
_billustrations ;
_c21 cm .
520 _aរឿង "មរណមាតា" និយាយអំពីព្រះរាជាអង្គមួយឈ្មោះ វិមលធម្មរាជ ដែលមានប្រពន្ធឈ្មោះ កែវកេសី និងកូនស្រីឈ្មោះ កុលកេសី។ កាលពីមួយពេល មានបុរសម្នាក់ឈ្មោះ កុដុម្ពីក៍ ដែលស្រឡាញ់កូនស្រីរបស់ព្រះរាជា។ ពួកគេបានបាត់បង់ទៅជនបទមួយ និងត្រូវបានចាប់ខ្លួនដោយចោរ។ កាលពីពេលនោះ កុដុម្ពីក៍ និងកុលកេសីបានស្នាក់នៅជាមួយមេស្រុក ដែលបានទទួលពួកគេជាឪពុកធម៌។ ពួកគេបានបង្កើតគ្រួសារថ្មី និងក្លាយជាអ្នកមានទ្រព្យសម្បត្តិ។
520 _aThe story "Moronak Meada" tells of a king named Vimaladhammaraja, who had a wife named Kaew Kessy and a daughter named Kol Kessy. At one point, a man named Kodompik fell in love with the king’s daughter. They ended up lost in a remote area and were captured by bandits. During that time, Kodompik and Kol Kessy took refuge with a village chief, who accepted them as his adopted children. They went on to build a new family and eventually became wealthy.
650 _aមរណមាតា​
_vរឿងព្រេងនិទានខ្មែរ
650 _aMoronak Meada
_vKhmer Folktale
942 _2ddc
_cKHB
_n0
999 _c6625
_d6625